<?xml version="1.0" encoding="UTF-8"?>
<record
    xmlns:xsi="http://www.w3.org/2001/XMLSchema-instance"
    xsi:schemaLocation="http://www.loc.gov/MARC21/slim http://www.loc.gov/standards/marcxml/schema/MARC21slim.xsd"
    xmlns="http://www.loc.gov/MARC21/slim">

  <leader>00924nam a22001937a 4500</leader>
  <controlfield tag="008">110721t        xxu||||| |||| 00| 0 ara d</controlfield>
  <datafield tag="020" ind1=" " ind2=" ">
    <subfield code="a">9776048145</subfield>
  </datafield>
  <datafield tag="082" ind1=" " ind2=" ">
    <subfield code="2">22</subfield>
    <subfield code="b">&#x633; &#x644; &#x649; </subfield>
    <subfield code="a">370.15 </subfield>
  </datafield>
  <datafield tag="100" ind1=" " ind2=" ">
    <subfield code="9">26396</subfield>
    <subfield code="a">&#x633;&#x644;&#x64A;&#x645;&#x627;&#x646;&#x60C;&#x639;&#x628;&#x62F; &#x627;&#x644;&#x631;&#x62D;&#x645;&#x646; &#x633;&#x64A;&#x62F;</subfield>
  </datafield>
  <datafield tag="245" ind1=" " ind2=" ">
    <subfield code="a">&#x62F;&#x631;&#x627;&#x633;&#x627;&#x62A; &#x639;&#x631;&#x628;&#x64A;&#x629; &#x641;&#x649; &#x627;&#x644;&#x645;&#x648;&#x647;&#x628;&#x629; &#x648; &#x627;&#x644;&#x62A;&#x641;&#x648;&#x642; /</subfield>
    <subfield code="c">&#x627;&#x639;&#x62F;&#x627;&#x62F; &#x639;&#x628;&#x62F; &#x627;&#x644;&#x631;&#x62D;&#x645;&#x646; &#x633;&#x64A;&#x62F; &#x633;&#x644;&#x64A;&#x645;&#x627;&#x646;&#x60C; &#x627;&#x644;&#x633;&#x64A;&#x62F; &#x627;&#x62D;&#x645;&#x62F; &#x647;&#x627;&#x634;&#x645;</subfield>
  </datafield>
  <datafield tag="260" ind1=" " ind2=" ">
    <subfield code="a">&#x627;&#x644;&#x642;&#x627;&#x647;&#x631;&#x629;:</subfield>
    <subfield code="b">&#x645;&#x643;&#x62A;&#x628;&#x629; &#x62F;&#x627;&#x631; &#x627;&#x644;&#x642;&#x627;&#x647;&#x631;&#x629;&#x60C;2004.</subfield>
    <subfield code="c">2004.</subfield>
  </datafield>
  <datafield tag="300" ind1=" " ind2=" ">
    <subfield code="a">316 &#x635;&#x60C;</subfield>
    <subfield code="c">24&#x633;&#x645;.</subfield>
  </datafield>
  <datafield tag="650" ind1=" " ind2=" ">
    <subfield code="9">26405</subfield>
    <subfield code="a">&#x639;&#x644;&#x645; &#x627;&#x644;&#x646;&#x641;&#x633; &#x627;&#x644;&#x62A;&#x631;&#x628;&#x648;&#x649;</subfield>
  </datafield>
  <datafield tag="650" ind1=" " ind2=" ">
    <subfield code="9">22403</subfield>
    <subfield code="a">&#x627;&#x644;&#x623;&#x637;&#x641;&#x627;&#x644;</subfield>
    <subfield code="x">&#x639;&#x644;&#x645; &#x646;&#x641;&#x633;</subfield>
  </datafield>
  <datafield tag="650" ind1=" " ind2=" ">
    <subfield code="9">26406</subfield>
    <subfield code="a">&#x627;&#x644;&#x641;&#x631;&#x648;&#x642; &#x627;&#x644;&#x641;&#x631;&#x62F;&#x64A;&#x629; &#x641;&#x649; &#x627;&#x644;&#x62A;&#x639;&#x644;&#x64A;&#x645;</subfield>
  </datafield>
  <datafield tag="700" ind1=" " ind2=" ">
    <subfield code="9">26398</subfield>
    <subfield code="a">&#x627;&#x628;&#x648; &#x647;&#x627;&#x634;&#x645;&#x60C;&#x627;&#x644;&#x633;&#x64A;&#x62F; &#x627;&#x62D;&#x645;&#x62F;</subfield>
    <subfield code="c">&#x627;&#x639;&#x62F;&#x627;&#x62F;</subfield>
  </datafield>
  <datafield tag="942" ind1=" " ind2=" ">
    <subfield code="2">ddc</subfield>
    <subfield code="c">BB</subfield>
  </datafield>
  <datafield tag="999" ind1=" " ind2=" ">
    <subfield code="c">15725</subfield>
    <subfield code="d">15725</subfield>
  </datafield>
  <datafield tag="952" ind1=" " ind2=" ">
    <subfield code="0">0</subfield>
    <subfield code="1">0</subfield>
    <subfield code="2">ddc</subfield>
    <subfield code="4">0</subfield>
    <subfield code="7">0</subfield>
    <subfield code="8"> </subfield>
    <subfield code="a">MAIN</subfield>
    <subfield code="b">MAIN</subfield>
    <subfield code="c">1ST</subfield>
    <subfield code="d">2011-07-25</subfield>
    <subfield code="e">Purchase</subfield>
    <subfield code="o">370.15  &#x633; &#x644; &#x649;</subfield>
    <subfield code="p">000024434</subfield>
    <subfield code="r">2025-07-15 00:00:00</subfield>
    <subfield code="y">BB</subfield>
  </datafield>
</record>
